000 00582nam a22002297a 4500
003 UA-OsUOA
001 93044
007 ta
008 20130111b un ||||| |||| 00| 0 ukr d
100 _aАуезов М.
090 _a821.512.122
_bА93
942 _cBK
040 _aUA-OsUOA
_bukr
_cUA-OsUOA
_dUA-OsUOA
245 _aШлях Абая
_bроман
300 _a640 с.
955 _a3
041 _aukr
080 _a821.512.122
260 _aК.
_bДніпро
_c1972
650 7 _a82 Література. Літературознавство
_2UDC
999 _c378992
_d378992